LEADER 01086nam a2200265 u 4500 001 000000006948 003 CaOOAMICUS 005 20070226104929.0 008 940514s1944 gw u000 u ger u 035 $a10181639 040 $aCSt$bita$dNNC-L$dRPB$dPUL(R) 100 1 $aWieacker, Franz,$d1908-1994.$0(OLS)http://pul/name/7047 245 10$aVom römischen Recht :$bWirklichkeit und Überlieferung /$cFranz Wieacker. 260 $aLeipzig :$bKoehler & Amelang,$c[c1944] 300 $a285 p. ;$c19 cm 650 4$aRoman law.$0(OLS)http://pul/subject/117 650 0$aRoman law$xHistory.$0(OLS)http://pul/subject/1407 850 $aPUL 852 $aPUL$W1$xDP2 Diritto e Scienze Sociali 1$y65$m183 F 23$j9807$nBK-PRI$qStampati$B9807$CPULBib$Z2$F9807 $H13794 $82 941 1 $a8 960 $aDiritto romano$9117 960 $aDiritto romano$9117 961 $aINV: 13794 996 $6245$aVom römischen Recht :$bWirklichkeit und Überlieferung$9(OLS)http://pul/title/10198 996 $6260$aLeipzig :$bKoehler & Amelang$9(OLS)http://pul/publisher/50634 LEADER 01182namaa2200289 i 4500 001 000000177390 003 CaOOAMICUS 005 20241029115325.0 007 tu 008 241029s2016 it 000 u ita r 040 $aPUL$bita$erda 082 0 $a265.94 110 0 $aAssociazione Internazionale Esorcisti$eautore.$0(OLS)http://pul/name/113204 245 10$aAtti convegno nazionale 7-12 settembre 2015 'Fraterna domus'- Sacrofano Roma /$cAssociazione Internazionale Esorcisti. 264 1$aRoma :$b[s.n.],$c2016. 300 $a296 pagine ;$c23 cm 336 $atesto$btxt$2rdacontent 337 $asenza mediazione$bn$2rdamedia 338 $avolume$bnc$2rdacarrier 650 4$aEsorcismi.$0(OLS)http://pul/subject/12938 850 $aPUL 852 $aPUL$W1$xSL Religione 3$y85$m265.94 ASIES 3$j201345$qDDC 21$B206342$CPULBib$Z2$F206342 $H137464 $82 941 1 $a9 996 $6082$a265.94$9(OLS)http://pul/classification/1873 996 $6245$aAtti convegno nazionale 7-12 settembre 2015 'Fraterna domus'- Sacrofano Roma$9(OLS)http://pul/title/218903 996 $6264$aRoma :$b[s.n.]$9(OLS)http://pul/publisher/47958